Vida de la Princesa de Éboli / (Record no. 160422)

MARC details
000 -LEADER
campo de control de longitud fija 01268nam a22002415i 4500
001 - NÚMERO DE CONTROL
campo de control 160422
003 - IDENTIFICADOR DE NÚMERO DE CONTROL
campo de control ES-MaACL
005 - FECHA Y HORA DE LA ÚLTIMA TRANSACCIÓN
campo de control 20231221150408.0
008 - DATOS DE LONGITUD FIJA--INFORMACIÓN GENERAL
campo de control de longitud fija 990506s1877 sp a |||| | spa d
100 1# - ENTRADA PRINCIPAL--NOMBRE DE PERSONA
Nombre de persona Muro, Gaspar.
9 (RLIN) 130296
245 10 - MENCIÓN DEL TÍTULO
Título Vida de la Princesa de Éboli /
Mención de responsabilidad, etc. por Don Gaspar Muro ; con una carta por vía de prólogo del Excmo. Sr. D. Antonio Cánovas del Castillo ; obra ilustrada con notas, documentos inéditos, el retrato de la Princesa de Éboli, grabados y facsímiles.
260 ## - PUBLICACIÓN, DISTRIBUCIÓN, ETC.
Lugar de publicación, distribución, etc. Madrid :
Nombre del editor, distribuidor, etc. Librería de Don Mariano Murillo,
Fecha de publicación, distribución, etc. 1877 (
Fabricante Imp., Estereotipia y Galvanoplastia de Aribau y Cª)
300 ## - DESCRIPCIÓN FÍSICA
Extensión LXIII, 267, 226, 55 p., [4] h. de lám., [3] h. de facs. ;
Dimensiones 22 cm.
500 ## - NOTA GENERAL
Nota general Apéndice documental.
510 4# - NOTA DE CITAS O REFERENCIAS BIBLIOGRÁFICAS
Nombre de la fuente Palau,
Localización dentro de la fuente t. X, 186258
530 ## - NOTA DISPONIBLE DE FORMULARIO FÍSICO ADICIONAL
Nota de formato físico adicional disponible Disponible en formato digital.
599 ## - NOTA A LAS ILUSTRACIONES
NOTA A LAS ILUSTRACIONES Lám.: lit., retr. de la Princesa de Éboli y vistas de: Torre del Pinto, Palacio de Pastrana y Fortaleza de Santorcaz.
600 14 - PUNTO DE ACCESO ADICIONAL DE MATERIA--NOMBRE DE PERSONA
Nombre de persona Éboli, Ana Mendoza de la Cerda
Títulos y otros términos asociados al nombre Princesa de.
9 (RLIN) 158067
700 1# - ENTRADA AGREGADA--NOMBRE PERSONAL
Nombre de persona Cánovas del Castillo, Antonio,
Fechas asociadas al nombre 1828-1897
9 (RLIN) 34600
852 ## - LOCALIZACIÓN
Ubicación ES-MaACL
Número de control de estantería C-833
Nota libre - Enc. hol.
856 ## - LOCALIZACIÓN Y ACCESO ELECTRÓNICOS
Identificador Uniforme de Recursos <a href="http://bdh-rd.bne.es/viewer.vm?id=0000048608&page=1 ">http://bdh-rd.bne.es/viewer.vm?id=0000048608&page=1 </a>
Nota pública Biblioteca Digital Hispánica
Holdings
Estatus retirado Estado de pérdida Estado de daño No para préstamo Colección Biblioteca de origen Biblioteca actual Ubicación en estantería Fecha de adquisición Fuente de adquisición Total de préstamos Signatura topográfica completa Código de barras Visto por última vez Precio de reemplazo Tipo de ítem Koha
        Colección digital Biblioteca del Ateneo de Madrid Biblioteca del Ateneo de Madrid Sala Palomar 17/01/2008     C-833 1167974 23/02/2023 23/02/2023 Libro impreso antiguo